[Event "Tradewise Gibraltar Master 2015"]
[Site "Gibraltar ENG"]
[Date "2015.02.04"]
[Round "9.77"]
[White "Vojinovic, Jovana"]
[Black "Verneuil, Pascal"]
[Result "1/2-1/2"]
[WhiteElo "2301"]
[BlackElo "2093"]
[PlyCount "147"]
[EventDate "2015.01.27"]
[EventType "swiss"]
[EventRounds "10"]
[EventCountry "ENG"]
[Source "lmi"]
[SourceDate "2015.01.27"]

1. d4 d5 2. Bf4 Nf6 3. Nc3 c6 4. e3 g6 5. Be2 Bg7 6. h4 h5 7. Nf3 Bg4 8. Ne5
Bxe2 9. Qxe2 Nbd7 10. f3 Qb6 11. O-O-O e6 12. g4 Nxe5 13. Bxe5 O-O-O 14. Qh2
Ne8 15. Bxg7 Nxg7 16. e4 Qc7 17. e5 Kb8 18. Kb1 Rh7 19. Qf2 Rdh8 20. Rh2 Qe7
21. Rdh1 b6 22. Ne2 Rc8 23. Qe3 Rch8 24. Qg5 Qc7 25. Nf4 c5 26. dxc5 bxc5 27.
Rd2 Ka8 28. c4 d4 29. Ng2 Qb7 30. Qf4 Rb8 31. Re1 Ne8 32. Qe4 Qxe4+ 33. Rxe4
Rb6 34. Rd1 a5 35. Rd3 Kb7 36. Ra3 Ka6 37. Ne1 f5 38. gxf5 gxf5 39. Re2 Rb4 40.
Rc2 Rg7 41. Ng2 Rg3 42. Kc1 Nc7 43. Kd1 Rh3 44. Rd3 Rb8 45. Rf2 Rh1+ 46. Ne1
Rg8 47. Rdd2 Rgg1 48. Rde2 Rxh4 49. Rh2 Rxh2 50. Rxh2 Rg5 51. Nd3 Kb6 52. Nf4
Rg1+ 53. Ke2 Rc1 54. Kd2 Rxc4 55. Rxh5 Rb4 56. Nd3 Rb5 57. b3 a4 58. Kc2 axb3+
59. axb3 Kc6 60. Nf4 Ra5 61. Kb2 c4 62. bxc4 Rxe5 63. Kc2 Re3 64. Nd3 Kd6 65.
f4 Re2+ 66. Kd1 Ra2 67. Rh8 Ra8 68. Rxa8 Nxa8 69. Kd2 Nc7 70. Ne5 Ne8 71. Kd3
Kc5 72. Nd7+ Kd6 73. Ne5 Kc5 74. Nd7+ 1/2-1/2

[Event "Tradewise Gibraltar Master 2015"]
[Site "Gibraltar ENG"]
[Date "2015.02.04"]
[Round "9.78"]
[White "Weeramantry, Sunil"]
[Black "De Haan, Eric"]
[Result "0-1"]
[WhiteElo "2127"]
[BlackElo "2299"]
[PlyCount "50"]
[EventDate "2015.01.27"]
[EventType "swiss"]
[EventRounds "10"]
[EventCountry "ENG"]
[Source "lmi"]
[SourceDate "2015.01.27"]

1. e4 c5 2. Nf3 e6 3. d4 cxd4 4. Nxd4 Nc6 5. Nc3 Qc7 6. Be2 Nf6 7. f4 d6 8. Be3
Be7 9. O-O O-O 10. Qe1 Nxd4 11. Bxd4 e5 12. Be3 exf4 13. Rxf4 Be6 14. Rd1 a6
15. Qg3 Nd7 16. Rf2 Ne5 17. Nd5 Bxd5 18. Rxd5 Ng6 19. Rh5 Qxc2 20. Qh3 Qxe4 21.
Rxh7 Bh4 22. Rh5 Bxf2+ 23. Kxf2 Rfe8 24. Rg5 Rac8 25. Rg4 Qf5+ 0-1

[Event "Tradewise Gibraltar Master 2015"]
[Site "Gibraltar ENG"]
[Date "2015.02.04"]
[Round "9.79"]
[White "Rodriguez Alvarez, Vidal"]
[Black "Rydstrom, Tom"]
[Result "1/2-1/2"]
[WhiteElo "2122"]
[BlackElo "2292"]
[PlyCount "113"]
[EventDate "2015.01.27"]
[EventType "swiss"]
[EventRounds "10"]
[EventCountry "ENG"]
[Source "lmi"]
[SourceDate "2015.01.27"]

1. d4 Nf6 2. c4 e6 3. Nc3 d5 4. cxd5 exd5 5. Bg5 c6 6. e3 Be7 7. Qc2 a5 8. Bd3
Na6 9. a3 Nc7 10. Nf3 Ne6 11. Bh4 g6 12. O-O O-O 13. Rab1 Ng7 14. b4 Bf5 15.
Bxf6 Bxf6 16. b5 Be7 17. Bxf5 Nxf5 18. Qb3 Qd6 19. a4 Rfc8 20. Rfc1 h5 21. Ne1
Qf6 22. Qd1 Bd6 23. Nf3 h4 24. bxc6 bxc6 25. e4 dxe4 26. Nxe4 Qe7 27. Nxd6 Qxd6
28. h3 Rd8 29. Qc2 Rac8 30. Rb6 Nxd4 31. Nxd4 Qxd4 32. Rxc6 Rb8 33. Rc4 Qf6 34.
Qe4 g5 35. Rc5 Rb4 36. Qf5 Qxf5 37. Rxf5 Rxa4 38. Rxg5+ Kf8 39. Rc7 Ra1+ 40.
Kh2 Rdd1 41. g3 Rh1+ 42. Kg2 hxg3 43. fxg3 a4 44. Ra7 Rhb1 45. Rf5 Rg1+ 46. Kh2
Rh1+ 47. Kg2 Rag1+ 48. Kf3 Rf1+ 49. Kg4 Rxf5 50. Kxf5 Rxh3 51. Kg4 Rh6 52. Rxa4
Rb6 53. Rf4 Kg7 54. Ra4 Kg6 55. Kf4 f5 56. g4 fxg4 57. Kxg4 1/2-1/2

[Event "Tradewise Gibraltar Master 2015"]
[Site "Gibraltar ENG"]
[Date "2015.02.04"]
[Round "9.80"]
[White "Baert, Andy"]
[Black "Sanchez Jerez, Emilio Miguel"]
[Result "0-1"]
[WhiteElo "2114"]
[BlackElo "2282"]
[PlyCount "40"]
[EventDate "2015.01.27"]
[EventType "swiss"]
[EventRounds "10"]
[EventCountry "ENG"]
[Source "lmi"]
[SourceDate "2015.01.27"]

1. d4 f5 2. c4 Nf6 3. Nc3 g6 4. h4 d6 5. h5 Nxh5 6. Rxh5 gxh5 7. e4 fxe4 8.
Qxh5+ Kd7 9. Qg4+ e6 10. d5 Qf6 11. g3 c6 12. Bg5 Qg6 13. Bh3 Kc7 14. Nge2 Rg8
15. Nxe4 h6 16. Nf6 hxg5 17. Nxg8 Na6 18. dxe6 Nc5 19. Nf4 Qxg8 20. b4 Nxe6 0-1

[Event "Tradewise Gibraltar Master 2015"]
[Site "Gibraltar ENG"]
[Date "2015.02.04"]
[Round "9.81"]
[White "Buchal, Stephan"]
[Black "Compton, Alistair"]
[Result "1-0"]
[WhiteElo "2273"]
[BlackElo "2071"]
[PlyCount "81"]
[EventDate "2015.01.27"]
[EventType "swiss"]
[EventRounds "10"]
[EventCountry "ENG"]
[Source "lmi"]
[SourceDate "2015.01.27"]

1. Nf3 d5 2. c4 e6 3. g3 Nf6 4. Bg2 c5 5. O-O Nc6 6. d4 Be7 7. dxc5 Bxc5 8. a3
Ne4 9. b4 Be7 10. Bb2 O-O 11. Qc2 Bf6 12. Nbd2 Nxd2 13. Nxd2 Bxb2 14. Qxb2 Re8
15. e3 dxc4 16. Nxc4 Qg5 17. Rac1 a6 18. h4 Qh5 19. a4 f6 20. b5 axb5 21. axb5
Ne5 22. Nxe5 fxe5 23. Rc5 Rd8 24. Rxe5 Qf7 25. Rc5 b6 26. Bxa8 bxc5 27. Be4 Bb7
28. Qe5 Bxe4 29. Qxe4 Qd7 30. Rb1 Qd5 31. Qxd5 exd5 32. b6 Rb8 33. Kf1 Kf7 34.
Rb5 Ke6 35. Rxc5 Rxb6 36. Rc7 Kf6 37. Rd7 Rb5 38. Ke2 h5 39. Rd6+ Kf5 40. Kf3
g6 41. Rxd5+ 1-0

[Event "Tradewise Gibraltar Master 2015"]
[Site "Gibraltar ENG"]
[Date "2015.02.04"]
[Round "9.82"]
[White "Prosviriakov, Vladimir"]
[Black "Hewson, Brian Wr"]
[Result "1/2-1/2"]
[WhiteElo "2257"]
[BlackElo "2084"]
[PlyCount "42"]
[EventDate "2015.01.27"]
[EventType "swiss"]
[EventRounds "10"]
[EventCountry "ENG"]
[Source "lmi"]
[SourceDate "2015.01.27"]

1. d4 d5 2. Bf4 c5 3. e3 Nc6 4. Nc3 cxd4 5. exd4 Bf5 6. Nf3 e6 7. Ne5 Nxe5 8.
Bxe5 a6 9. Bd3 Ne7 10. O-O Bxd3 11. Qxd3 Nc6 12. Ne2 Nxe5 13. dxe5 Qc7 14. Rfe1
Rc8 15. Nd4 Qc4 16. Qxc4 Rxc4 17. c3 Bc5 18. Nb3 Be7 19. Nd4 Bc5 20. Nb3 Be7
21. Nd4 Bc5 1/2-1/2

[Event "Tradewise Gibraltar Master 2015"]
[Site "Gibraltar ENG"]
[Date "2015.02.04"]
[Round "9.83"]
[White "Semprun Martinez, Fernando"]
[Black "Mareckova, Martina"]
[Result "1-0"]
[WhiteElo "2253"]
[BlackElo "2102"]
[PlyCount "111"]
[EventDate "2015.01.27"]
[EventType "swiss"]
[EventRounds "10"]
[EventCountry "ENG"]
[Source "lmi"]
[SourceDate "2015.01.27"]

1. e4 e5 2. Nf3 Nc6 3. Bb5 a6 4. Ba4 d6 5. O-O Bd7 6. d4 b5 7. Bb3 Nxd4 8. Nxd4
exd4 9. Qxd4 c5 10. Qd5 Be6 11. Qc6+ Bd7 12. Qd5 c4 13. Bg5 Qc8 14. Nc3 Be6 15.
Qd2 f6 16. Bf4 cxb3 17. axb3 Qc6 18. Rfe1 Kf7 19. Nd5 Bxd5 20. exd5 Qb7 21. Qe3
Qd7 22. c4 g5 23. Bg3 bxc4 24. bxc4 h5 25. h4 gxh4 26. Bxh4 Qg4 27. g3 Be7 28.
b3 Qd7 29. Qf4 Qg4 30. Qe3 Rh7 31. Rad1 Rg7 32. Rd4 Qd7 33. Re4 Rg4 34. Re6 Kg7
35. Rxe7+ Nxe7 36. Qxe7+ Qxe7 37. Rxe7+ Kg6 38. Re6 Rb8 39. Rxd6 Rxb3 40. Rxf6+
Kg7 41. Rc6 Rd3 42. d6 Rgd4 43. c5 a5 44. Ra6 a4 45. Be7 Kf7 46. Kg2 Rc4 47. c6
Ke6 48. c7 a3 49. Ra8 Rdc3 50. Bf6 Rc2 51. Be5 Re2 52. Re8+ Kf7 53. Re7+ Kg6
54. d7 Rcc2 55. Re6+ Kh7 56. Rf6 1-0

[Event "Tradewise Gibraltar Master 2015"]
[Site "Gibraltar ENG"]
[Date "2015.02.04"]
[Round "9.84"]
[White "Amos, Frank"]
[Black "Menna Barreto, Felipe Kubiaki"]
[Result "0-1"]
[WhiteElo "2097"]
[BlackElo "2247"]
[PlyCount "94"]
[EventDate "2015.01.27"]
[EventType "swiss"]
[EventRounds "10"]
[EventCountry "ENG"]
[Source "lmi"]
[SourceDate "2015.01.27"]

1. e4 c5 2. Nc3 e6 3. Nf3 Nc6 4. d4 cxd4 5. Nxd4 Qc7 6. f4 a6 7. Nxc6 bxc6 8.
Bd3 d5 9. O-O Bc5+ 10. Kh1 Nf6 11. Qe1 Bb7 12. Bd2 h5 13. Na4 Ba7 14. f5 Bb8
15. Bf4 e5 16. Bd2 dxe4 17. Ba5 Qe7 18. Bxe4 h4 19. Bb4 Bd6 20. Bxd6 Qxd6 21.
Rd1 Qe7 22. Nb6 h3 23. Nc4 Rd8 24. Rxd8+ Kxd8 25. Na5 Kc7 26. gxh3 Nxe4 27.
Qxe4 Ba8 28. Qc4 c5+ 29. Kg1 Qg5+ 30. Kf2 Qd2+ 31. Qe2 Qxa5 32. Qxe5+ Kc8 33.
Rd1 Qc7 34. Rd6 Rd8 35. Rxd8+ Kxd8 36. Qxg7 Qf4+ 37. Ke2 Qe4+ 38. Kd2 Qg2+ 39.
Qxg2 Bxg2 40. Ke3 Ke7 41. c3 Bxh3 42. b4 cxb4 43. cxb4 Bxf5 44. a4 Bd7 45. a5
f5 46. Kf4 Kf6 47. h4 Be8 0-1

[Event "Tradewise Gibraltar Master 2015"]
[Site "Gibraltar ENG"]
[Date "2015.02.04"]
[Round "9.85"]
[White "Dasaolu, Rotimi"]
[Black "Hommerson, Paul"]
[Result "0-1"]
[WhiteElo "2053"]
[BlackElo "2229"]
[PlyCount "68"]
[EventDate "2015.01.27"]
[EventType "swiss"]
[EventRounds "10"]
[EventCountry "ENG"]
[Source "lmi"]
[SourceDate "2015.01.27"]

1. Nf3 Nf6 2. c4 g6 3. b4 Bg7 4. Bb2 d6 5. d3 c6 6. Qb3 a5 7. a3 Qb6 8. e3 O-O
9. Nc3 axb4 10. Na4 Qd8 11. axb4 b5 12. Nc3 Na6 13. Nd4 bxc4 14. dxc4 Bd7 15.
b5 cxb5 16. cxb5 Nc5 17. Qd1 e5 18. Nc6 Bxc6 19. bxc6 Qb6 20. Bb5 Nfe4 21. Rxa8
Rxa8 22. Qe2 Qa5 23. O-O Nxc3 24. Bxc3 Qxc3 25. g4 Ne6 26. Rd1 Ra1 27. Kg2 Rxd1
28. Qxd1 Qc5 29. Qa4 Bf8 30. Be2 d5 31. h4 Kg7 32. g5 Bd6 33. Bg4 Nc7 34. Bf3
Qb4 0-1

[Event "Tradewise Gibraltar Master 2015"]
[Site "Gibraltar ENG"]
[Date "2015.02.04"]
[Round "9.86"]
[White "Fomani, Medhi"]
[Black "Hoffmann, Hendrik"]
[Result "1/2-1/2"]
[WhiteElo "2033"]
[BlackElo "2206"]
[PlyCount "79"]
[EventDate "2015.01.27"]
[EventType "swiss"]
[EventRounds "10"]
[EventCountry "ENG"]
[Source "lmi"]
[SourceDate "2015.01.27"]

1. d4 d5 2. Nf3 Nf6 3. e3 Bg4 4. Be2 e6 5. O-O Bd6 6. b3 Ne4 7. Bb2 O-O 8. Nbd2
f5 9. Ne5 Bxe2 10. Qxe2 Nxd2 11. Qxd2 Nd7 12. Nxd7 Qxd7 13. f4 c6 14. Qe2 Rf6
15. Rf3 Rg6 16. Rh3 Rg4 17. Rg3 Rxg3 18. hxg3 Qf7 19. Kf2 g5 20. Rh1 g4 21. c4
Kg7 22. c5 Be7 23. b4 a6 24. a4 h5 25. Bc3 Rh8 26. Qf1 Qe8 27. Be1 Rh7 28. Ke2
Qh8 29. Kd2 Kg6 30. Kc2 Bf6 31. Kc3 h4 32. gxh4 Bxh4 33. Bxh4 Rxh4 34. Rxh4
Qxh4 35. b5 axb5 36. axb5 Qd8 37. Qa1 Qh4 38. Qf1 Qd8 39. Kb4 Qa8 40. Qe2
1/2-1/2

[Event "Tradewise Gibraltar Master 2015"]
[Site "Gibraltar ENG"]
[Date "2015.02.04"]
[Round "9.87"]
[White "Byron, Alan M"]
[Black "Whatley, Stephen A J"]
[Result "1-0"]
[WhiteElo "2188"]
[BlackElo "1949"]
[PlyCount "51"]
[EventDate "2015.01.27"]
[EventType "swiss"]
[EventRounds "10"]
[EventCountry "ENG"]
[Source "lmi"]
[SourceDate "2015.01.27"]

1. e4 c5 2. Nf3 e6 3. d4 cxd4 4. Nxd4 Nc6 5. Nc3 Qc7 6. Be3 a6 7. Qd2 Nf6 8.
O-O-O Bb4 9. f3 d5 10. a3 Ba5 11. Nb3 O-O 12. Nxa5 Nxa5 13. Bg5 dxe4 14. Bxf6
gxf6 15. Kb1 f5 16. fxe4 fxe4 17. Qg5+ Kh8 18. Qf6+ Kg8 19. Rd5 exd5 20. Nxd5
Qd7 21. Ne7+ Qxe7 22. Qxe7 Nc6 23. Qxe4 f5 24. Bc4+ Kg7 25. Qd3 Ne5 26. Qd4 1-0

[Event "Tradewise Gibraltar Master 2015"]
[Site "Gibraltar ENG"]
[Date "2015.02.04"]
[Round "9.88"]
[White "Klug, Christian"]
[Black "Zimmermann, Rene"]
[Result "0-1"]
[WhiteElo "1884"]
[BlackElo "2172"]
[PlyCount "60"]
[EventDate "2015.01.27"]
[EventType "swiss"]
[EventRounds "10"]
[EventCountry "ENG"]
[Source "lmi"]
[SourceDate "2015.01.27"]

1. d4 d5 2. Nf3 c6 3. c4 e6 4. e3 f5 5. Bd3 Bd6 6. Ne5 Nf6 7. f4 O-O 8. O-O Ne4
9. b3 Qe7 10. a4 b6 11. Ba3 Bb7 12. Bxd6 Qxd6 13. Nd2 c5 14. Be2 Nc3 15. Qe1
cxd4 16. cxd5 Nxe2+ 17. Qxe2 Qxd5 18. exd4 Qxd4+ 19. Qf2 Qxf2+ 20. Rxf2 Nc6 21.
Ndc4 Nd4 22. b4 Bd5 23. Ne3 Be4 24. a5 Rac8 25. axb6 axb6 26. Nd7 Rfd8 27. Nxb6
Rc3 28. Nd1 Rc6 29. Na4 Nb3 30. b5 Nxa1 0-1

[Event "Tradewise Gibraltar Master 2015"]
[Site "Gibraltar ENG"]
[Date "2015.02.04"]
[Round "9.89"]
[White "Heinemann, Josefine"]
[Black "Hamer, Martyn"]
[Result "1-0"]
[WhiteElo "2160"]
[BlackElo "2014"]
[PlyCount "125"]
[EventDate "2015.01.27"]
[EventType "swiss"]
[EventRounds "10"]
[EventCountry "ENG"]
[Source "lmi"]
[SourceDate "2015.01.27"]

1. e4 Nf6 2. e5 Nd5 3. d4 d6 4. c4 Nb6 5. exd6 exd6 6. Nc3 Be7 7. Bd3 Nc6 8.
Nge2 O-O 9. O-O Re8 10. b3 Bf6 11. Be3 g6 12. h3 a5 13. a3 Ne7 14. Ne4 Nf5 15.
Nxf6+ Qxf6 16. Qd2 Nxe3 17. fxe3 Qg5 18. Rf3 c5 19. Ng3 cxd4 20. Ne4 dxe3 21.
Qe1 Rxe4 22. Bxe4 f5 23. Bd3 f4 24. Qf1 Bd7 25. h4 Qxh4 26. Rxf4 Qg5 27. Be4
Bc6 28. Bxc6 bxc6 29. Qf3 Qc5 30. Re4 d5 31. Qxe3 Qxe3+ 32. Rxe3 dxc4 33. bxc4
Nxc4 34. Rc3 Nd6 35. Rxc6 Nf5 36. Rac1 Kg7 37. g4 Nd4 38. Rc7+ Kh6 39. Kg2 Rb8
40. Rf7 Rb3 41. Rc4 Nb5 42. Rb7 a4 43. Rxa4 Rxa3 44. Rxa3 Nxa3 45. Kf3 Nc4 46.
Rc7 Ne5+ 47. Kf4 Nd3+ 48. Kg3 g5 49. Rd7 Nf4 50. Kf3 Kg6 51. Rd6+ Kg7 52. Ke4
h5 53. Kf5 hxg4 54. Kxg5 Ne2 55. Rd7+ Kf8 56. Kf6 Kg8 57. Rg7+ Kh8 58. Rxg4 Kh7
59. Ke5 Kh6 60. Rg2 Nc3 61. Rc2 Nb5 62. Rc5 Na3 63. Kd4 1-0

[Event "Tradewise Gibraltar Master 2015"]
[Site "Gibraltar ENG"]
[Date "2015.02.04"]
[Round "9.90"]
[White "Krockenberger, Martin"]
[Black "Burke, Mitchell R"]
[Result "1/2-1/2"]
[WhiteElo "2152"]
[BlackElo "1928"]
[PlyCount "73"]
[EventDate "2015.01.27"]
[EventType "swiss"]
[EventRounds "10"]
[EventCountry "ENG"]
[Source "lmi"]
[SourceDate "2015.01.27"]

1. Nf3 g6 2. g3 Bg7 3. Bg2 d6 4. O-O e5 5. d3 Ne7 6. c4 O-O 7. Nc3 Nd7 8. Bd2
f5 9. b4 Nf6 10. Qb3 Kh8 11. b5 Nh5 12. a4 f4 13. a5 Rb8 14. Qa3 Bg4 15. Rae1
Qd7 16. e3 Nf5 17. a6 b6 18. Nd5 fxg3 19. fxg3 Ne7 20. e4 Nxd5 21. exd5 h6 22.
Qc1 Kh7 23. Be3 Bh3 24. Qc2 Rbe8 25. Nd2 Nf6 26. Ne4 Nxe4 27. dxe4 Rxf1+ 28.
Rxf1 Bxg2 29. Qxg2 Rf8 30. Rxf8 Bxf8 31. Qf3 Bg7 32. Kg2 Kg8 33. h3 Kh7 34. g4
Qe7 35. Qf2 Bf6 36. Qd2 Bg5 37. Bxg5 1/2-1/2

[Event "Tradewise Gibraltar Master 2015"]
[Site "Gibraltar ENG"]
[Date "2015.02.04"]
[Round "9.91"]
[White "Michalowski, Peter"]
[Black "Terron Elena, Francisco M"]
[Result "0-1"]
[WhiteElo "2024"]
[BlackElo "2218"]
[PlyCount "70"]
[EventDate "2015.01.27"]
[EventType "swiss"]
[EventRounds "10"]
[EventCountry "ENG"]
[Source "lmi"]
[SourceDate "2015.01.27"]

1. e4 e5 2. Nf3 Nc6 3. d4 exd4 4. Nxd4 g6 5. Nc3 Bg7 6. Be3 Nf6 7. Qd2 O-O 8.
O-O-O Re8 9. f3 Ne5 10. Bg5 d6 11. Qf4 c6 12. h4 Nh5 13. Bxd8 Nxf4 14. Bg5 Nh5
15. Be2 h6 16. Be3 Ng3 17. Rhe1 Bf6 18. Bxh6 Bxh4 19. Be3 b5 20. f4 Ng4 21.
Bxg4 Bxg4 22. Nf3 Bxf3 23. gxf3 d5 24. Bf2 b4 25. Na4 Nf5 26. Bxh4 Nxh4 27.
exd5 cxd5 28. Rxe8+ Rxe8 29. Rxd5 Nxf3 30. c4 Re4 31. c5 Rxf4 32. Rd7 g5 33.
Kd1 g4 34. c6 Rc4 35. c7 g3 0-1

[Event "Tradewise Gibraltar Master 2015"]
[Site "Gibraltar ENG"]
[Date "2015.02.04"]
[Round "9.92"]
[White "Varga, Klara"]
[Black "Suez-Panama, Gilles"]
[Result "0-1"]
[WhiteElo "2145"]
[BlackElo "2030"]
[PlyCount "74"]
[EventDate "2015.01.27"]
[EventType "swiss"]
[EventRounds "10"]
[EventCountry "ENG"]
[Source "lmi"]
[SourceDate "2015.01.27"]

1. c4 e5 2. g3 Nc6 3. Bg2 f5 4. Nc3 Nf6 5. d3 g6 6. e3 Bg7 7. Nge2 O-O 8. b3 d6
9. Bb2 Be6 10. Rb1 Qd7 11. O-O Rae8 12. d4 Bf7 13. dxe5 Nxe5 14. Nf4 g5 15.
Nfd5 c6 16. Nxf6+ Bxf6 17. h3 Bg6 18. f4 Nf7 19. c5 Qe6 20. cxd6 Bxc3 21. e4
Bxb2 22. exf5 Bxf5 23. Rxb2 gxf4 24. Rd2 Qe3+ 25. Kh1 Be4 26. d7 Re6 27. Rxf4
Bxg2+ 28. Kxg2 Nd8 29. Qg4+ Rg6 30. Rxf8+ Kxf8 31. Re2 Rxg4 32. Rxe3 Rg8 33. g4
Kf7 34. Re5 Ne6 35. Kg3 Rd8 36. Rh5 Nf8 37. Rf5+ Ke6 0-1

[Event "Tradewise Gibraltar Master 2015"]
[Site "Gibraltar ENG"]
[Date "2015.02.04"]
[Round "9.93"]
[White "Morais, Vitor"]
[Black "Havik, Victor"]
[Result "0-1"]
[WhiteElo "1934"]
[BlackElo "2137"]
[PlyCount "68"]
[EventDate "2015.01.27"]
[EventType "swiss"]
[EventRounds "10"]
[EventCountry "ENG"]
[Source "lmi"]
[SourceDate "2015.01.27"]

1. e4 e5 2. Nf3 Nc6 3. Bb5 a6 4. Ba4 Nf6 5. O-O Be7 6. Re1 b5 7. Bb3 d6 8. c3
O-O 9. h3 Nb8 10. d4 Nbd7 11. Nbd2 c5 12. Nf1 Re8 13. Ng3 g6 14. Bh6 Bf8 15.
Bxf8 Rxf8 16. Qd2 c4 17. Bc2 Qe7 18. Rad1 Bb7 19. Qg5 Rfe8 20. Nf5 Qf8 21. dxe5
dxe5 22. Nd6 h6 23. Qg3 Nh5 24. Qh2 Bc6 25. Nxe8 Rxe8 26. Rd2 Re6 27. Red1 Qe7
28. g4 Nf4 29. Nxe5 Nxe5 30. Qxf4 Rf6 31. Rd8+ Kh7 32. Qe3 Rf3 33. Qb6 Qh4 34.
Qb8 Qxf2+ 0-1

[Event "Tradewise Gibraltar Master 2015"]
[Site "Gibraltar ENG"]
[Date "2015.02.04"]
[Round "9.94"]
[White "Machlik, Monika"]
[Black "Burrows, Martin P"]
[Result "1-0"]
[WhiteElo "2015"]
[BlackElo "2136"]
[PlyCount "99"]
[EventDate "2015.01.27"]
[EventType "swiss"]
[EventRounds "10"]
[EventCountry "ENG"]
[Source "lmi"]
[SourceDate "2015.01.27"]

1. d4 Nf6 2. c4 g6 3. Nc3 Bg7 4. e4 d6 5. f4 O-O 6. Nf3 Na6 7. Bd3 Bg4 8. O-O
Nd7 9. Be3 e5 10. dxe5 dxe5 11. f5 c6 12. h3 Ndc5 13. Bc2 Qxd1 14. Raxd1 Bxf3
15. Rxf3 Rfd8 16. Rdf1 f6 17. a3 Nd3 18. b4 Nc7 19. Rd1 Nb2 20. Rxd8+ Rxd8 21.
Bxa7 Nxc4 22. Bb3 b5 23. Bb6 Rd7 24. Bxc7 Rxc7 25. Nd1 Rd7 26. Nb2 Rd4 27. Rc3
Rxe4 28. Bxc4+ bxc4 29. Nxc4 gxf5 30. Na5 Re1+ 31. Kf2 Ra1 32. Nxc6 Ra2+ 33.
Kf1 Ra1+ 34. Ke2 Ra2+ 35. Kf1 Ra1+ 36. Ke2 Ra2+ 37. Kd3 Bf8 38. g3 Kf7 39. Kc4
Ke6 40. Kb5 f4 41. gxf4 exf4 42. a4 Rg2 43. a5 Rg3 44. Rc1 f3 45. a6 f2 46. Rf1
Rg5+ 47. Kb6 Bd6 48. a7 Rg8 49. Rxf2 Bg3 50. Ra2 1-0

[Event "Tradewise Gibraltar Master 2015"]
[Site "Gibraltar ENG"]
[Date "2015.02.04"]
[Round "9.95"]
[White "Beltz, Franziska"]
[Black "Lien, Kjell Hakon"]
[Result "0-1"]
[WhiteElo "2130"]
[BlackElo "2020"]
[PlyCount "74"]
[EventDate "2015.01.27"]
[EventType "swiss"]
[EventRounds "10"]
[EventCountry "ENG"]
[Source "lmi"]
[SourceDate "2015.01.27"]

1. e4 c5 2. Nf3 d6 3. d4 cxd4 4. Nxd4 Nf6 5. Nc3 a6 6. Be2 e5 7. Nb3 Be7 8. O-O
O-O 9. f4 Qc7 10. Kh1 b5 11. a3 Bb7 12. Bf3 Nbd7 13. Qe1 Bc6 14. Qg3 a5 15.
fxe5 Nxe5 16. Nd4 Kh8 17. Nf5 Rg8 18. Bg5 b4 19. axb4 axb4 20. Rxa8 Bxa8 21.
Nxe7 Qxe7 22. Nd5 Bxd5 23. exd5 h6 24. Qh4 Nxf3 25. Rxf3 Qe2 26. h3 Nh7 27. Be3
Qxc2 28. Qd4 f6 29. Rf1 Qe2 30. Rc1 Re8 31. Bd2 b3 32. Bb4 Ng5 33. Bxd6 Nxh3
34. gxh3 Qf3+ 35. Kg1 Re2 36. Qg4 Qe3+ 37. Kf1 Qf2# 0-1

[Event "Tradewise Gibraltar Master 2015"]
[Site "Gibraltar ENG"]
[Date "2015.02.04"]
[Round "9.96"]
[White "Weishaeutel, Moritz"]
[Black "Daneri, Martin"]
[Result "0-1"]
[WhiteElo "1905"]
[BlackElo "2123"]
[PlyCount "72"]
[EventDate "2015.01.27"]
[EventType "swiss"]
[EventRounds "10"]
[EventCountry "ENG"]
[Source "lmi"]
[SourceDate "2015.01.27"]

1. e4 e6 2. d4 d5 3. Nd2 Nc6 4. Ngf3 Nf6 5. e5 Nd7 6. Bb5 a6 7. Bxc6 bxc6 8. c4
dxc4 9. Nxc4 Nb6 10. Qc2 Nxc4 11. Qxc4 Qd5 12. Qxd5 cxd5 13. Bd2 c5 14. dxc5
Bxc5 15. Rc1 Bb6 16. O-O Bd7 17. Bb4 f6 18. Bd6 Bb5 19. Rfe1 Kd7 20. Bc5 Bxc5
21. Rxc5 Rhc8 22. Rxc8 Rxc8 23. exf6 gxf6 24. Nd4 e5 25. Nxb5 axb5 26. f4 e4
27. Re2 f5 28. Kf2 d4 29. g4 Ke6 30. g5 Kd5 31. h4 d3 32. Re1 Kd4 33. h5 Rc2+
34. Kg3 e3 35. g6 hxg6 36. hxg6 d2 0-1

[Event "Tradewise Gibraltar Master 2015"]
[Site "Gibraltar ENG"]
[Date "2015.02.04"]
[Round "9.97"]
[White "Danielsson, Robert"]
[Black "Henderson De La Fuente, Lance"]
[Result "1-0"]
[WhiteElo "2121"]
[BlackElo "2014"]
[PlyCount "89"]
[EventDate "2015.01.27"]
[EventType "swiss"]
[EventRounds "10"]
[EventCountry "ENG"]
[Source "lmi"]
[SourceDate "2015.01.27"]

1. d4 Nf6 2. c4 e6 3. Nc3 b6 4. e4 Bb4 5. Qc2 Bb7 6. Bd3 c5 7. d5 exd5 8. cxd5
O-O 9. Nge2 d6 10. O-O Nbd7 11. a3 Bxc3 12. bxc3 Re8 13. c4 Ne5 14. Ng3 Nfg4
15. Bb2 Qh4 16. h3 Ne3 17. fxe3 Qxg3 18. Rae1 Nf3+ 19. Rxf3 Qxe1+ 20. Kh2 Qh4
21. Rg3 g6 22. Qf2 Qe7 23. Bf6 Qf8 24. Rg4 h5 25. Rh4 Qh6 26. g4 Bc8 27. g5 Qh7
28. Qg3 Re5 29. Bxe5 dxe5 30. Qxe5 Bd7 31. Rf4 Qg7 32. Rf6 Qf8 33. Qf4 Re8 34.
e5 Rd8 35. Bb1 Ba4 36. e6 Qg7 37. exf7+ Kf8 38. Rxg6 Qb2+ 39. Kg3 h4+ 40. Kxh4
Qh8+ 41. Kg3 Qc3 42. Rg8+ Ke7 43. f8=Q+ Rxf8 44. Qxf8+ Kd7 45. Qd8# 1-0

[Event "Tradewise Gibraltar Master 2015"]
[Site "Gibraltar ENG"]
[Date "2015.02.04"]
[Round "9.98"]
[White "Mehlhorn, Uwe"]
[Black "Green, Per"]
[Result "1-0"]
[WhiteElo "2121"]
[BlackElo "1996"]
[PlyCount "183"]
[EventDate "2015.01.27"]
[EventType "swiss"]
[EventRounds "10"]
[EventCountry "ENG"]
[Source "lmi"]
[SourceDate "2015.01.27"]

1. b4 d5 2. e3 Nf6 3. Bb2 Bg4 4. Be2 Bxe2 5. Qxe2 c6 6. c4 e6 7. a3 dxc4 8.
Qxc4 Qd5 9. Qxd5 Nxd5 10. Nc3 Nd7 11. Nf3 Bd6 12. g3 O-O 13. e4 N5b6 14. d3
Rfd8 15. Ke2 Ne5 16. Ne1 Rd7 17. f4 Ng6 18. Ng2 f5 19. e5 Bc7 20. Ne3 Rad8 21.
Rhd1 Ne7 22. Rac1 a6 23. Nc2 Ned5 24. Nxd5 Nxd5 25. Nd4 Re8 26. Nb3 Bb6 27. d4
Kf7 28. Nd2 Rg8 29. Nc4 Bc7 30. Kf3 Ke8 31. Rc2 g5 32. Bc1 g4+ 33. Ke2 h5 34.
Be3 Nxe3 35. Nxe3 Rh7 36. Nf1 h4 37. Kf2 Rgh8 38. Rdd2 Bb6 39. Rc4 Kd7 40. Kg2
Kc8 41. Kf2 Kb8 42. Ke3 hxg3 43. hxg3 Rh1 44. Rf2 Rg1 45. Ke2 Rh3 46. a4 Rh8
47. Ke3 Rgh1 48. Rcc2 Rd8 49. Rcd2 Rg1 50. Rd1 c5 51. bxc5 Bxc5 52. Rfd2 Ba7
53. Kf2 Rh1 54. Ke3 Rd5 55. Kf2 Rh3 56. Kg2 Rh7 57. Ne3 Rd8 58. Rd3 Rhd7 59.
Nc2 Rc7 60. Ne3 Rdc8 61. Kf1 Rc3 62. Ke2 Rxd3 63. Kxd3 Rd8 64. d5 Bxe3 65. Kxe3
exd5 66. Kd4 Kc7 67. Rh1 b5 68. a5 b4 69. Rb1 Rb8 70. Kxd5 Kd7 71. Kc4 Rc8+ 72.
Kd4 Rc3 73. Rxb4 Rxg3 74. Rb7+ Ke6 75. Rb6+ Ke7 76. Rf6 Ra3 77. Rxf5 Rxa5 78.
Rg5 Ra4+ 79. Ke3 Ra3+ 80. Ke4 g3 81. f5 Ra4+ 82. Kf3 Ra3+ 83. Kf4 a5 84. Rg7+
Kf8 85. f6 Ra4+ 86. Kf5 Rb4 87. Rxg3 a4 88. Ra3 Kf7 89. e6+ Kf8 90. Rc3 Rb8 91.
Rh3 Kg8 92. Kg6 1-0